Geography starting with A - Statistics

General Stats
  • This quiz has been taken 79 times
  • The average score is 8 of 10
Answer Stats
Letters Clue Answer % Correct
4 Most populous continent Asia
99%
6 City named after Greek goddess Athens
96%
9 Largest country in Oceania Australia
96%
8 US State whose capital is Little Rock Arkansas
91%
5 Longest continental mountain range in the world Andes
87%
10 Caucasus country capital Baku Azerbaijan
85%
11 Country Soviet Union invaded in 1979 Afghanistan
75%
7 Southern California city that is Disneylands home Anaheim
67%
12 Capital of Madagascar Antananarivo
59%
13 Home of painter Cezanne Aix-en-Provence
9%
No matching quizzes found
Score Distribution
Percent of People with Each Score
Percentile by Number Answered
Your Score History
You have not taken this quiz